000 00349nam a2200133Ia 4500
008 240624s9999 xx 000 0 und d
041 _aeng
082 _a658.4092 HUG
100 _aHUGHES RICHARD L
245 _aBECOMING A STRATEGIC LEADER YOUR ROLE IN
260 _c2019
_aNew Delhi
_bWiley India
300 _axvii, 268 p.; 23 cm.
365 _cRS
999 _c31415
_d31415